Finance of International Trade/ (Record no. 36422)

MARC details
000 -LEADER
fixed length control field 00429nam a22001457a 4500
005 - DATE AND TIME OF LATEST TRANSACTION
control field 20240820115310.0
008 - FIXED-LENGTH DATA ELEMENTS--GENERAL INFORMATION
fixed length control field 240820b |||||||| |||| 00| 0 eng d
082 ## - DEWEY DECIMAL CLASSIFICATION NUMBER
Classification number 332.45
Item number FIN
245 ## - TITLE STATEMENT
Title Finance of International Trade/
Statement of responsibility, etc. The Institute of Bankers Pakistan
260 ## - PUBLICATION, DISTRIBUTION, ETC.
Place of Publication Karachi;
Name of publisher, distributor, etc. The Institute of Bankers Pakistan
Date of publication, distribution, etc. 2006
300 ## - PHYSICAL DESCRIPTION
Pages iv, 154 p.:
650 ## - SUBJECT ADDED ENTRY--TOPICAL TERM
Subject / Department Social Sciences
300 ## - PHYSICAL DESCRIPTION
-- ill.;
-- 25.5 cm.
952 ## - LOCATION AND ITEM INFORMATION (KOHA)
-- 0
-- 0
Holdings
Lost status Damaged status Collection code Permanent Location Current Location Shelving Location Date acquired Full Call Number Accession No./Barcode Date last seen item type Koha item type
    Science Superior Information Resource Center (SIRC) Superior University - City Campus Superior Information Resource Center (SIRC) Superior University - City Campus Economics 08/20/2024 332.45 FIN 2006 2346 08/20/2024 BOOK BOOK

Powered by Koha